Исследование энергетических характеристик KrCl-эксиламп барьерного разряда; Известия Томского политехнического университета [Известия ТПУ]; Т. 316, № 2: Математика и механика. Физика
| Parent link: | Известия Томского политехнического университета [Известия ТПУ]/ Томский политехнический университет (ТПУ).— , 2000- Т. 316, № 2: Математика и механика. Физика.— 2010.— [С. 109-112] |
|---|---|
| Altres autors: | , , , , , |
| Sumari: | Заглавие с титульного листа Электронная версия печатной публикации Для верификации данных об энергетических характеристиках KrCl-эксиламп барьерного разряда различными способами и в различных условиях возбуждения проведены измерения мощности и эффективности излучения. Показано, что величины эффективности излучения KrCl-эксиламп в исследованных условиях не превышают 7 %. |
| Idioma: | rus |
| Publicat: |
2010
|
| Col·lecció: | Математика и механика. Физика |
| Matèries: | |
| Accés en línia: | http://www.lib.tpu.ru/fulltext/v/Bulletin_TPU/2010/v316/i2/23.pdf |
| Format: | MixedMaterials Electrònic Capítol de llibre |
| KOHA link: | https://koha.lib.tpu.ru/cgi-bin/koha/opac-detail.pl?biblionumber=182793 |
MARC
| LEADER | 00000nla2a2200000 4500 | ||
|---|---|---|---|
| 001 | 182793 | ||
| 005 | 20231031171411.0 | ||
| 035 | |a (RuTPU)RU\TPU\book\198155 | ||
| 035 | |a RU\TPU\book\198148 | ||
| 090 | |a 182793 | ||
| 100 | |a 20100625d2010 k y0rusy50 ca | ||
| 101 | 0 | |a rus | |
| 102 | |a RU | ||
| 135 | |a drnn ---uucaa | ||
| 181 | 0 | |a i | |
| 182 | 0 | |a b | |
| 200 | 1 | |a Исследование энергетических характеристик KrCl-эксиламп барьерного разряда |b Электронный ресурс |f Э. А. Соснин [и др.] | |
| 203 | |a Текст |c электронный | ||
| 215 | |a 1 файл (134 Кб) | ||
| 225 | 1 | |a Математика и механика. Физика | |
| 230 | |a Электронные текстовые данные (1 файл : 134 Кб) | ||
| 300 | |a Заглавие с титульного листа | ||
| 300 | |a Электронная версия печатной публикации | ||
| 320 | |a [Библиогр.: с. 112 (12 назв.)] | ||
| 330 | |a Для верификации данных об энергетических характеристиках KrCl-эксиламп барьерного разряда различными способами и в различных условиях возбуждения проведены измерения мощности и эффективности излучения. Показано, что величины эффективности излучения KrCl-эксиламп в исследованных условиях не превышают 7 %. | ||
| 337 | |a Adobe Reader | ||
| 461 | 1 | |0 (RuTPU)RU\TPU\book\176237 |t Известия Томского политехнического университета [Известия ТПУ] |f Томский политехнический университет (ТПУ) |d 2000- | |
| 463 | 1 | |0 (RuTPU)RU\TPU\book\196538 |x 1684-8519 |t Т. 316, № 2: Математика и механика. Физика |v [С. 109-112] |d 2010 |p 154 с. | |
| 610 | 1 | |a барьерный разряд | |
| 610 | 1 | |a KrCl-эксилампа | |
| 610 | 1 | |a эффективность излучения | |
| 610 | 1 | |a электронный ресурс | |
| 610 | 1 | |a результаты исследований | |
| 610 | 1 | |a энергетические характеристики | |
| 701 | 1 | |a Соснин |b Э. А. | |
| 701 | 1 | |a Авдеев |b С. М. | |
| 701 | 1 | |a Ерофеев |b М. В. |c специалист в области нефтегазового дела |c доцент Томского политехнического университета, кандидат физико-математических наук |f 1975- |g Михаил Владимирович |2 stltpush |3 (RuTPU)RU\TPU\pers\33375 | |
| 701 | 1 | |a Цветков |b В. М. | |
| 701 | 1 | |a Пикулев |b А. А. | |
| 701 | 1 | |a Тарасенко |b В. П. |c российский физик |c профессор Томского политехнического университета, дотор физико-математических наук |f 1946- |g Виктор Федотович |2 stltpush |3 (RuTPU)RU\TPU\pers\27995 | |
| 801 | 1 | |a RU |b 63413507 |c 20090623 |g PSBO | |
| 801 | 2 | |a RU |b 63413507 |c 20211222 |g PSBO | |
| 856 | 4 | |u http://www.lib.tpu.ru/fulltext/v/Bulletin_TPU/2010/v316/i2/23.pdf | |
| 942 | |c CF | ||